Innovative map applications for real estate appraisal reports (Record no. 11983)

MARC details
000 -LEADER
fixed length control field 00921cab a2200229 4500
001 - CONTROL NUMBER
control field ABS39658
008 - FIXED-LENGTH DATA ELEMENTS--GENERAL INFORMATION
fixed length control field 090401t1988 xxu||||| |||| 00| 0 eng d
035 ## - SYSTEM CONTROL NUMBER
System control number (Sirsi) u18068
041 ## - LANGUAGE CODE
Language code of text/sound track or separate title eng
100 ## - MAIN ENTRY--PERSONAL NAME
Personal name Yasumoto, H.
245 ## - TITLE STATEMENT
Title Innovative map applications for real estate appraisal reports
260 ## - PUBLICATION, DISTRIBUTION, ETC.
Date of publication, distribution, etc. 1988
350 ## - PRICE (NR) (BK AM CF MU VM SE) [OBSOLETE]
Price 0
490 ## - SERIES STATEMENT
Series statement Real Estate Appraiser and Analyst
Volume/sequential designation 54(1) Spring 1988, 25-34(10)
520 ## - SUMMARY, ETC.
Summary, etc. Looks at how maps and plans can be used to present an appraisal report including to aid in area analysis , neighbourhood analysis, site analysis , and improvement analysis. It also looks at their use in connection with the cost approach , direct sales approach and income approach to valuation . References. Plans.
650 ## - SUBJECT ADDED ENTRY--TOPICAL TERM
Topical term or geographic name entry element FEASIBILITY STUDIES
650 ## - SUBJECT ADDED ENTRY--TOPICAL TERM
Topical term or geographic name entry element Valuation
9 (RLIN) 6273
690 ## - LOCAL SUBJECT ADDED ENTRY--TOPICAL TERM (OCLC, RLIN)
Topical term or geographic name as entry element PRACTICE AND TECHNIQUES
700 ## - ADDED ENTRY--PERSONAL NAME
Personal name Schwartz, A.L.
942 ## - ADDED ENTRY ELEMENTS (KOHA)
Suppress in OPAC 0
948 ## - LOCAL PROCESSING INFORMATION (OCLC); SERIES PART DESIGNATOR (RLIN)
c (OCLC) 04/03/1997
Holdings
Withdrawn status Lost status Source of classification or shelving scheme Damaged status Not for loan Home library Current library Shelving location Date acquired Total Checkouts Full call number Barcode Date last seen Copy number Price effective from Koha item type
    Dewey Decimal Classification     London London Journal article 14/09/1999   ABS39658 18068-1001 06/08/2019 1 06/08/2019 Journal article